00482nam a2200205Ia 4500008004100000020001800041050001400059100002200073245002600095245002500121260001500146260001600161260000900177300001600186300002600202300001000228300002300238440000700261500000800268170918s9999 xx 000 0 und d a9780439691444 bS857 2005 aStilton, Geronimo 4aThe wild, wild west / cby Geronimo Stilton. aNew York : bScholastic, c2005 a106 pages : bcolor illustrations ; c19cm. eGeronimo Stilton ; a21 a400